000 00695nam a2200205Ia 4500
020 _a1584855193
020 _a1584855959
040 _cLPU
082 _a971 PLE 2002 A111 Or.
100 1 _aYep, Laurence,
245 1 0 _aSpring Pearl :
_bthe last flower /
260 _aMiddleton, Wis. :
_bPleasant Co. Publications,
_cc2002.
300 _a204 p. :
_bill. (some col.) ;
_c19 cm.
500 _a"American girl."
520 _aCalled boyish by her new family for being able to read and write, twelve-year-old orphaned Spring Pearl's "odd ways" help save the family during the 1857 Opim War in Canton, China.
650 0 _aFamilies
650 0 _aOrphans
650 0 _aSex role
942 _cEK
999 _c17184
_d17184